[Event "Stop being such a wuss"]
[Site "http://www.queenalice.com/game.php?id=92071"]
[Date "2006.8.2"]
[Round "-"]
[White "cwobritton1875"]
[Black "pbeesley"]
[Result "1-0"]
[WhiteElo "1328"]
[BlackElo "1446"]

1. e4 Nf6 2. Qf3 c6 3. Bc4 b5 4. Bb3 g6 5. d4 e6 6. Bg5 Bb4+ 7. c3 Be7 8. e5 Nh5
9. g4 Bxg5 10. gxh5 d6 11. hxg6 fxg6 12. exd6 Qxd6 13. Qg4 h6 14. f4 Bxf4 15.
Qxg6+ Kd7 16. Qg7+ Qe7 17. Qxh8 Qh4+ 18. Kd1 Qg4+ 19. Ne2 c5 20. Rf1 Bxh2 21.
Rf7+ Kc6 22. Qxc8+ Kb6 23. Bd5 b4 24. Bxa8 bxc3 25. Rb7+ Ka6 26. Rxb8+ Ka5 27.
Qxc5+ Ka6 28. Bb7# 1-0

[Event "Challenge"]
[Site "http://www.queenalice.com/game.php?id=93509"]
[Date "2006.8.7"]
[Round "-"]
[White "Jorge"]
[Black "cwobritton1875"]
[Result "1-0"]
[WhiteElo "1363"]
[BlackElo "1349"]

1. e4 e5 2. f3 Qh4+ 3. g3 Qf6 4. h4 g5 5. d3 Bb4+ 6. c3 Bc5 7. Bxg5 Qa6 8. Nh3
f6 9. d4 exd4 10. Bxa6 Nxa6 11. Bf4 d5 12. cxd4 Bb4+ 13. Bd2 dxe4 14. fxe4 Ne7
15. a3 Bd6 16. Nf4 c5 17. Qa4+ Nc6 18. d5 Bd7 19. Ne6 Nd4 20. Qa5 Bxg3+ 21. Kf1
Nf3 22. Kg2 Bxh4 23. Kxf3 b6 24. Qxa6 Rc8 25. Rxh4 Rg8 26. Rxh7 Rg6 27. Qxa7 f5
28. exf5 Rf6 29. Nc7+ Kf8 30. Ne6+ Kg8 31. Qxd7 Ra8 32. Qg7# 1-0

[Event "Challenge"]
[Site "http://www.queenalice.com/game.php?id=96168"]
[Date "2006.8.15"]
[Round "-"]
[White "cwobritton1875"]
[Black "pbeesley"]
[Result "1-0"]
[WhiteElo "1368"]
[BlackElo "1406"]

1. e4 Nf6 2. Qf3 Nc6 3. Bc4 Nd4 4. Qd3 c5 5. c3 Ne6 6. e5 Ng4 7. Na3 Nf4 8. Qf5
e6 9. Qxf4 Nh6 10. Nb5 f6 11. Nd6+ Bxd6 12. exd6 e5 13. Qe4 Qb6 14. d4 cxd4 15.
cxd4 Qxd6 16. d5 Qb4+ 17. Bd2 Qxb2 18. Rc1 Qd4 19. Bd3 f5 20. Qe2 e4 21. Qh5+
Kf8 22. Rc4 Qa1+ 23. Rc1 Qxa2 24. Bb4+ Kg8 25. Qe8# 1-0

[Event "Challenge"]
[Site "http://www.queenalice.com/game.php?id=96435"]
[Date "2006.8.16"]
[Round "-"]
[White "cwobritton1875"]
[Black "pbeesley"]
[Result "0-1"]
[WhiteElo "1386"]
[BlackElo "1388"]

1. e4 e5 2. Qh5 Nf6 3. Qxe5+ Be7 4. Qg5 Nxe4 5. Qxg7 Bf6 6. Qg4 d5 7. Qe2 Nc6 8.
Nc3 Nd4 9. Qd3 h5 10. Nf3 c5 11. b4 c4 12. Qe3 Nxc2+ 13. Kd1 Nxe3+ 14. Ke2 Nc2
15. Rb1 Nd4+ 16. Nxd4 Bxd4 17. f3 Nf2 18. Rg1 Qe7+ 19. Ne4 dxe4 20. g4 exf3+ 21.
Kxf3 hxg4+ 22. Rxg4 Bxg4+ 23. Kg2 Qe4+ 0-1

[Event "Challenge"]
[Site "http://www.queenalice.com/game.php?id=96769"]
[Date "2006.8.17"]
[Round "-"]
[White "Nostradamus"]
[Black "cwobritton1875"]
[Result "1-0"]
[WhiteElo "1757"]
[BlackElo "1370"]

1. d4 e6 2. c4 Bb4+ 3. Bd2 c5 4. Bxb4 cxb4 5. e3 Qa5 6. Qd2 d5 7. Nf3 dxc4 8.
Bxc4 Na6 9. O-O b5 10. Be2 Nf6 11. Na3 Ne4 12. Bxb5+ Bd7 13. Bxd7+ Kxd7 14. Qe1
e5 15. Nxe5+ Kd6 16. Nac4+ Kc7 17. Nxa5 Kb6 18. Nec6 g5 19. a3 g4 20. axb4 f5
21. b5 Nc7 22. Qb4 Nd5 23. Nc4+ Kc7 24. Qa5+ Kc8 25. Nb6+ 1-0

[Event "Challenge"]
[Site "http://www.queenalice.com/game.php?id=97046"]
[Date "2006.8.18"]
[Round "-"]
[White "cwobritton1875"]
[Black "pbeesley"]
[Result "0-1"]
[WhiteElo "1370"]
[BlackElo "1404"]

1. e3 Nc6 2. Bc4 Na5 3. Bf1 e6 4. Nf3 g5 5. Nc3 g4 6. Ne5 d6 7. Nxg4 f5 8. Nb5
fxg4 9. Qxg4 c6 10. Nd4 e5 11. Nf3 Bxg4 12. d4 exd4 13. exd4 Qe7+ 14. Be3 Bh6
15. h3 Bxe3 16. fxe3 Qxe3+ 17. Be2 Bf5 18. b4 Qc3+ 19. Nd2 Qxa1+ 20. Bd1 O-O-O
21. Rf1 Bxc2 22. Kf2 Rf8+ 23. Kg1 Qxd4+ 0-1

[Event "Challenge"]
[Site "http://www.queenalice.com/game.php?id=105958"]
[Date "2006.9.14"]
[Round "-"]
[White "Croftsy"]
[Black "cwobritton1875"]
[Result "0-1"]
[WhiteElo "1595"]
[BlackElo "1340"]

1. d4 Nc6 2. d5 Ne5 3. f4 Ng4 4. e4 N8f6 5. Bd3 e5 6. dxe6 Bc5 7. exf7+ Kf8 8.
e5 Nf2 9. Qe2 Nxh1 10. Nf3 Ng4 11. Ng5 Bf2+ 12. Kd1 Qe7 13. Qxg4 Qb4 14. Bd2
Qxb2 15. Bc3 Qb6 16. e6 Bd4 17. f5 Nf2+ 18. Ke2 Nxg4 19. a4 Nf2 20. Na3 Bxc3 21.
Nc4 Qc5 22. Rf1 Nxd3 23. cxd3 Qd5 24. Ne3 Qa2+ 25. Kf3 dxe6 26. Rc1 Qd2 27. Rd1
Qb2 28. fxe6 h6 29. h4 hxg5 30. hxg5 Bxe6 31. g6 Bb3 0-1

[Event "Challenge"]
[Site "http://www.queenalice.com/game.php?id=110290"]
[Date "2006.9.26"]
[Round "-"]
[White "marcosbratz"]
[Black "cwobritton1875"]
[Result "0-1"]
[WhiteElo "1368"]
[BlackElo "1322"]

1. e4 Nf6 2. Nc3 d5 3. d3 dxe4 4. Bg5 Ng4 5. Nxe4 Qd4 6. Qxg4 Bxg4 7. Nd2 Qxb2
8. Nb3 Qc3+ 9. Nd2 Qxa1+ 10. Nb1 Qxb1+ 0-1

[Event "Challenge"]
[Site "http://www.queenalice.com/game.php?id=127447"]
[Date "2006.11.9"]
[Round "-"]
[White "TomBishop"]
[Black "cwobritton1875"]
[Result "1-0"]
[WhiteElo "1299"]
[BlackElo "1333"]

1. d4 e5 2. Nf3 Nc6 3. e4 Nxd4 4. Nxe5 Bd6 5. c3 Nc6 6. Nxc6 dxc6 7. Bc4 Qf6 8.
O-O b5 9. Bb3 Be6 10. Nd2 Bc5 11. Qe2 Rd8 12. e5 Qf5 13. Ne4 Qxe5 14. Qe1 Nf6
15. Nxc5 Qxc5 16. Bxe6 fxe6 17. Qxe6+ Qe7 18. Qxc6+ Rd7 19. Qxb5 Nd5 20. Qb8+
Rd8 21. Qxa7 Rf8 22. Bd2 Qe2 23. Rae1 Nf4 24. Bxf4 Qxe1 25. Rxe1+ Kd7 26. Qxc7#
1-0

[Event "Challenge"]
[Site "http://www.queenalice.com/game.php?id=135151"]
[Date "2006.11.30"]
[Round "-"]
[White "cwobritton1875"]
[Black "Cristiano_Goiaba"]
[Result "0-1"]
[WhiteElo "1311"]
[BlackElo "1344"]

1. e4 e6 2. Nf3 Qf6 3. e5 Qf5 4. d4 Nc6 5. Nc3 Bb4 6. a3 Bxc3+ 7. bxc3 f6 8. Nh4
Qe4+ 9. Be2 Qxh4 10. Bh5+ g6 11. Bg4 f5 12. Bf3 d5 13. c4 Nge7 14. cxd5 exd5 15.
Be3 f4 16. g3 Qh6 17. gxf4 O-O 18. f5 Qg7 19. fxg6 Qxg6 20. Qd3 Bf5 21. Qb5 Be4
22. Bxe4 Qxe4 23. Rg1+ Ng6 24. Qxb7 Qxc2 25. Qxc7 Qc3+ 26. Ke2 Nxd4+ 27. Bxd4
Qxc7 28. Rac1 Qa5 29. Bc5 Qb5+ 30. Ke1 Rfc8 31. f4 Rxc5 32. f5 Rxc1+ 33. Kf2
Qc5+ 0-1

[Event "Challenge"]
[Site "http://www.queenalice.com/game.php?id=154420"]
[Date "2007.1.15"]
[Round "-"]
[White "cwobritton1875"]
[Black "alvishope1"]
[Result "0-1"]
[WhiteElo "1311"]
[BlackElo "1567"]

1. e4 e6 2. Qf3 d5 3. exd5 exd5 4. Qe3+ Be7 5. Qe5 Nf6 6. Nf3 O-O 7. d4 Re8 8.
Nc3 Bb4 9. a3 Bxc3+ 10. bxc3 Rxe5+ 11. Nxe5 Ne4 12. Bb5 Nd7 13. Nxd7 Bxd7 14.
Bxd7 Qxd7 15. O-O Qa4 16. f3 Nxc3 17. Re1 Qxc2 18. Bf4 Ne2+ 19. Rxe2 Qxe2 20.
Bg3 c5 21. dxc5 d4 22. Rb1 d3 23. h4 d2 24. Kh2 d1=N 25. f4 Ne3 26. Re1 Qxg2#
0-1

[Event "Challenge"]
[Site "http://www.queenalice.com/game.php?id=186861"]
[Date "2007.3.24"]
[Round "-"]
[White "knightsdefence"]
[Black "cwobritton1875"]
[Result "0-1"]
[WhiteElo "1427"]
[BlackElo "1306"]

1. f4 e6 2. d4 Bb4+ 3. Bd2 a5 4. Bxb4 axb4 5. c3 bxc3 6. bxc3 Ra5 7. e3 Nc6 8.
Nh3 Nf6 9. Nf2 g5 10. g3 b5 11. a3 h5 12. Bd3 h4 13. Ke2 hxg3 14. hxg3 Nh5 0-1

[Event "Challenge"]
[Site "http://www.queenalice.com/game.php?id=191210"]
[Date "2007.4.3"]
[Round "-"]
[White "FENIX_40"]
[Black "cwobritton1875"]
[Result "0-1"]
[WhiteElo "1419"]
[BlackElo "1317"]

1. d4 e6 2. Nf3 h5 3. e4 Nf6 4. Ne5 Nxe4 5. Qe2 f6 6. f3 fxe5 7. Qxe4 d5 8. Bb5+
c6 9. Qg6+ Ke7 10. Bg5+ Kd7 11. Bxd8 Kxd8 12. Qg5+ Be7 13. Qxg7 Rf8 14. Ba4 exd4
15. Na3 b5 16. Bb3 b4 17. Nb5 cxb5 18. Qxd4 Nc6 19. Qd1 Na5 0-1

[Event "Challenge"]
[Site "http://www.queenalice.com/game.php?id=208789"]
[Date "2007.5.10"]
[Round "-"]
[White "bonzinho"]
[Black "cwobritton1875"]
[Result "1-0"]
[WhiteElo "1320"]
[BlackElo "1334"]

1. e4 e6 2. d4 Qh4 3. Nf3 Qxe4+ 4. Be2 Nc6 5. Nfd2 Qxg2 6. Rf1 Qxh2 7. Nf3 Qg2
8. Nh4 Qe4 9. Nf3 Nb4 10. Nc3 Qxc2 11. Qxc2 Nxc2+ 12. Kd2 Nxa1 13. Ne5 Bd6 14.
Nb5 f6 15. Nxd6+ cxd6 16. Nc4 e5 17. Nxd6+ Kd8 18. Nf7+ Ke7 19. Nxh8 Nh6 20. Rg1
Nf5 21. dxe5 Nd4 22. Rxg7+ Kf8 23. Rxh7 fxe5 24. Bc4 Nf3+ 25. Ke3 Ng5 26. Rh5
Nc2+ 27. Kd2 d5 28. Bxd5 Nb4 29. Bc4 Ne4+ 30. Ke1 Nc2+ 31. Kf1 b5 32. Bd3 Nxf2
33. Bxc2 Ng4 34. Be4 Rb8 35. Ng6+ Kg7 36. Ne7 Ne3+ 37. Bxe3 a5 38. Nc6 Rb7 39.
Nxa5 Rf7+ 40. Ke2 Bg4+ 41. Bf3 Bxh5 42. Bxh5 Rf5 43. Bg4 Rf7 44. Nc6 Rc7 45.
Nxe5 Rc2+ 46. Bd2 Rxb2 47. Be6 Rc2 48. Bb3 Rc5 49. Bf4 Kf6 50. Nd7+ Kf5 51. Nxc5
Kxf4 52. Kd3 Kg3 53. Bd5 Kf4 54. Kc3 Ke5 55. Bb3 Kd6 56. Kb4 Kc6 57. Nd3 Kb6 58.
a3 Ka6 59. Nc5+ Kb6 60. Nd7+ Ka6 61. Kc5 Ka5 62. Nb8 1-0